000 00503nam a2200217Ia 4500
003 IT-RoPAU
008 120407s9999 xx 000 0 und d
040 _aIT-RoPAU
040 _cIT-RoPAU
041 _aita
100 _aGiuseppe Wilpert
245 _aI sarcofagi cristiani antichi.
250 _aRoma
260 _aPont. Ist. Archeol. cristian.
260 _c1929
300 _c49 cm
490 _v1
600 _a2 v. testo, 2 v. tavole e 1 supplemento.
942 _cBK
999 _c23698
_d23698